[Event "Kingston Easter U1600"]
[Site "Kingston"]
[Date "2019.04.19"]
[Round "3.50"]
[White "Chocina, Adam"]
[Black "De Leon, Raf Adrik"]
[Result "1-0"]
[WhiteElo "1179"]
[BlackElo "1247"]
[PlyCount "105"]
[EventDate "2019.04.18"]
[EventType "swiss"]
[EventRounds "9"]
[EventCountry "CAN"]
[SourceTitle "EXT 2022"]
[Source "ChessBase"]
[SourceDate "2021.10.06"]
[SourceVersion "1"]
[SourceVersionDate "2021.10.06"]
[SourceQuality "1"]

1. d4 g6 2. c4 Bg7 3. Nf3 d6 4. Nc3 Nf6 5. Bg5 Bf5 6. e3 Nc6 7. Be2 0-0 8. 0-0 Re8 9. Qb3 Rb8 10. Rfd1 e6 11. h3 h6 12. Bxf6 Qxf6 13. e4 Bxh3 14. gxh3 Qf4 15. Qc2 e5 16. dxe5 Nxe5 17. Nh2 Qg5+ 18. Kh1 Qh4 19. Bf1 Rf8 20. Bg2 f5 21. Rf1 fxe4 22. Nxe4 Rf4 23. Rae1 Rbf8 24. b3 g5 25. f3 h5 26. Qe2 g4 27. fxg4 hxg4 28. Rxf4 Rxf4 29. Qe3 Bh6 30. Qg3 Qh5 31. Qxf4 Bxf4 32. Nf6+ Kh8 33. Nxh5 gxh3 34. Nxf4 hxg2+ 35. Kxg2 Kg8 36. Nf3 Nc6 37. Nd5 Kf7 38. Nxc7 Nb4 39. a4 a6 40. Ng5+ Kf6 41. Ne4+ Kg6 42. Nxd6 Nd3 43. Rf1 Ne5 44. Rf5 Ng4 45. Kf3 Nf6 46. Nd5 Nd7 47. Ne7+ Kh6 48. Kf4 Kg7 49. Kg5 b6 50. Rf7+ Kh8 51. Kg6 Ne5+ 52. Kh6 Nd7 53. Rh7# 1-0

[Event "Kingston Easter U1600"]
[Site "Kingston"]
[Date "2019.04.18"]
[Round "1.44"]
[White "Sztuka, Jeremy"]
[Black "Chocina, Adam"]
[Result "1-0"]
[WhiteElo "1454"]
[BlackElo "1179"]
[PlyCount "69"]
[EventDate "2019.04.18"]
[EventType "swiss"]
[EventRounds "9"]
[EventCountry "CAN"]
[SourceTitle "EXT 2022"]
[Source "ChessBase"]
[SourceDate "2021.10.06"]
[SourceVersion "1"]
[SourceVersionDate "2021.10.06"]
[SourceQuality "1"]

1. f4 d5 2. Nf3 Nf6 3. e3 Bf5 4. Be2 Nc6 5. 0-0 Qd7 6. d3 0-0-0 7. Nbd2 h6 8. Nb3 e6 9. Ne5 Nxe5 10. fxe5 Nh7 11. d4 Ng5 12. c3 Be7 13. Na5 c6 14. b4 Ne4 15. Qe1 g5 16. Nb3 h5 17. Nc5 Bxc5 18. bxc5 g4 19. a4 h4 20. a5 h3 21. a6 Kb8 22. g3 b6 23. cxb6 axb6 24. Rf4 Ka7 25. Bxg4 Bxg4 26. Rxg4 Rdg8 27. Rf4 Nxg3 28. hxg3 h2+ 29. Kh1 Qe7 30. Qf2 Rg7 31. Rf6 Rhh7 32. e4 dxe4 33. Rh6 Rxh6 34. Bxh6 Rh7 35. Qe3 1-0